Loading...
| History - American History | 0 | 3 | 0 | 3 | 30 | 92 | 98.67 | 0 | 0 |
| Fine Arts - Other Fine Arts | 0 | 3 | 1 | 1 | 25 | 68 | 83.33 | 1 | 1 |
| Science - Chemistry | 0 | 2 | 0 | 1 | 20 | 66 | 70.50 | 0 | 0 |
| History - World History | 0 | 2 | 0 | 1 | 20 | 77 | 89.50 | 0 | 1 |
| Literature - British Literature | 0 | 2 | 0 | 0 | 20 | 56 | 60.00 | 1 | 1 |
| Science - Biology | 0 | 2 | 1 | 0 | 15 | 43 | 64.50 | 0 | 1 |
| Science - Other Science | 0 | 1 | 0 | 0 | 10 | 54 | 54.00 | 0 | 0 |
| Mythology | 0 | 1 | 0 | 0 | 10 | 93 | 93.00 | 0 | 0 |
| Literature - American Literature | 0 | 1 | 0 | 0 | 10 | 65 | 65.00 | 0 | 1 |
| Religion | 0 | 1 | 0 | 0 | 10 | 88 | 88.00 | 0 | 1 |
| Fine Arts - Classical Music | 0 | 1 | 0 | 0 | 10 | 63 | 63.00 | 0 | 0 |
| Painting/Sculpture | 0 | 1 | 0 | 0 | 10 | 105 | 105.00 | 0 | 0 |
| Current Events | 0 | 1 | 1 | 0 | 5 | 82 | 82.00 | 1 | 1 |
| Science - Physics | 0 | 0 | 0 | 0 | 0 | 0.00 | 0 | 0 |